| 000 | 01020cam a2200277 a 4500 | ||
|---|---|---|---|
| 999 |
_c10887 _d10887 |
||
| 001 | 11956101 | ||
| 003 | OSt | ||
| 005 | 20191223121827.0 | ||
| 008 | 000328s2001 txua b 001 0 eng | ||
| 010 | _a 00102671 | ||
| 020 | _a9789812406125 | ||
| 040 |
_aDLC _cDLC _dDLC |
||
| 050 | 0 | 0 |
_aHD30.22 _b.S247 2001 |
| 082 | 0 | 0 |
_a338.5024658 _221 |
| 100 |
_aSalvatore, Dominick _9459 |
||
| 245 | 1 | 0 |
_aManagerial economics in a global economy / _cDominick Salvatore. |
| 250 | _a4th ed. | ||
| 260 |
_aFort Worth : _bHarcourt College Publishers, _cc2001. |
||
| 300 |
_axlvi, 752 p. : _bill. (some col.) ; _c24 cm. |
||
| 440 | 4 | _aThe Harcourt series in economics | |
| 504 | _aIncludes bibliographical references and index. | ||
| 650 | 0 | _aManagerial economics. | |
| 906 |
_a7 _bcbc _corignew _d3 _eepcn _f20 _gy-gencatlg |
||
| 942 |
_2ddc _cBK _h338.5024658 _iSAL/M _k338.5024658 _mSAL/M |
||